বাংলাদেশের বাদ্যযন্ত্র / (Record no. 47751)
[ view plain ]
| 000 -LEADER | |
|---|---|
| fixed length control field | 00740nam a2200217 a 4500 |
| 001 - CONTROL NUMBER | |
| control field | 47751 |
| 003 - CONTROL NUMBER IDENTIFIER | |
| rucl marc code | BD-RjUL |
| 005 - DATE AND TIME OF LATEST TRANSACTION | |
| control field | 20211209054403.0 |
| 008 - FIXED-LENGTH DATA ELEMENTS--GENERAL INFORMATION | |
| fixed length control field | 160810s1989 bg ||||| |||| 00| 0 ben d |
| 035 ## - SYSTEM CONTROL NUMBER | |
| System control number | (BD-RjUL)47870 |
| 040 ## - CATALOGING SOURCE | |
| Original cataloging agency | BD-RjUL |
| Language of cataloging | ben |
| Transcribing agency | BD-RjUL |
| 041 ## - LANGUAGE CODE | |
| Language code of text/sound track or separate title | ben |
| 082 ## - DEWEY DECIMAL CLASSIFICATION NUMBER | |
| Edition number | 23 |
| Classification number | 784.1923 |
| Author mark and year | KHB 1989 |
| 100 1# - MAIN ENTRY--PERSONAL NAME | |
| Personal name | খান, মোবারক হোসেন |
| 9 (RLIN) | 117672 |
| 245 10 - TITLE STATEMENT | |
| Title | বাংলাদেশের বাদ্যযন্ত্র / |
| 260 ## - PUBLICATION, DISTRIBUTION, ETC. (IMPRINT) | |
| Place of publication, distribution, etc. | ঢাকা : |
| Name of publisher, distributor, etc. | বাংলা একাডেমী, |
| Date of publication, distribution, etc. | ১৯৮ |
| 300 ## - PHYSICAL DESCRIPTION | |
| Pagination | ৯৯ পৃ. : |
| Illustrations | চিত্র ; |
| Size | ১২ সেমি. |
| 650 ## - SUBJECT ADDED ENTRY--TOPICAL TERM | |
| Topical term or geographic name as entry element | বাদ্যযন্ত্র |
| 9 (RLIN) | 145024 |
| Topical term or geographic name as entry element | Musical instruments |
| 9 (RLIN) | 145025 |
| 942 ## - ADDED ENTRY ELEMENTS (KOHA) | |
| Source of classification or shelving scheme | Dewey Decimal Classification |
| Koha item type | Books |
| Lost status | Source of classification or shelving scheme | Damaged status | Not for loan | Collection code | Permanent Location | Current Location | Shelving location | Date acquired | Source of acquisition | Cost, normal purchase price | Total Checkouts | Full call number | Date last seen | Copy number | Koha item type |
|---|---|---|---|---|---|---|---|---|---|---|---|---|---|---|---|
| Dewey Decimal Classification | Non-fiction | Central Library, University of Rajshahi | Central Library, University of Rajshahi | 19/09/1995 | Shorbojonin library, Dhaka | 60.00 | B 784.1923 KHB 1989 | 10/08/2016 | C-2 | Books |